Online katalóg knižníc regiónu Turca

Zlomyseľná vdova (Record no. 22308)

MARC details
000 -LEADER
fixed length control field 00942nam a2200313 a 4500
001 - CONTROL NUMBER
control field 22308
003 - CONTROL NUMBER IDENTIFIER
control field VRT
005 - DATE AND TIME OF LATEST TRANSACTION
control field 20260326084227.0
008 - FIXED-LENGTH DATA ELEMENTS--GENERAL INFORMATION
fixed length control field 021003s2002 xo 000 1 slo c
020 ## - INTERNATIONAL STANDARD BOOK NUMBER
International Standard Book Number 8055102635 (viaz.)
035 ## - SYSTEM CONTROL NUMBER
System control number UKB000315671
040 ## - CATALOGING SOURCE
Original cataloging agency BAA001
Language of cataloging slo
Transcribing agency BAA001
Description conventions AACR2
041 1# - LANGUAGE CODE
Language code of text/sound track or separate title slo
Language code of original eng
044 ## - COUNTRY OF PUBLISHING/PRODUCING ENTITY CODE
MARC country code xo
ISO country code SK
080 ## - UNIVERSAL DECIMAL CLASSIFICATION NUMBER
Universal Decimal Classification number 820(73)-31
100 1# - MAIN ENTRY--PERSONAL NAME
Personal name Quick, Amanda
245 00 - TITLE STATEMENT
Title Zlomyseľná vdova
Statement of responsibility, etc. Amanda Quicková ; [z anglického originálu preložila Jana Melcerová]
260 ## - PUBLICATION, DISTRIBUTION, ETC.
Place of publication, distribution, etc. Bratislava
Name of publisher, distributor, etc. Ikar
Date of publication, distribution, etc. 2002
300 ## - PHYSICAL DESCRIPTION
Extent 269, [1] s
650 07 - SUBJECT ADDED ENTRY--TOPICAL TERM
Topical term or geographic name entry element literatúra americká
General subdivision romány ľúbostné
650 07 - SUBJECT ADDED ENTRY--TOPICAL TERM
Topical term or geographic name entry element romány ľúbostné americké
653 ## - INDEX TERM--UNCONTROLLED
Uncontrolled term 820(73)-31
700 1# - ADDED ENTRY--PERSONAL NAME
Personal name Melcerová, Jana
Relationship trl
765 0# - ORIGINAL LANGUAGE ENTRY
Title Wicked widov
Main entry heading Quick, Amanda
910 ## - USER-OPTION DATA (OCLC)
User-option data ukb
942 ## - ADDED ENTRY ELEMENTS (KOHA)
Source of classification or shelving scheme Dewey Decimal Classification
Koha item type Krásna literatúra pre dospelých
Suppress in OPAC No
949 ## - LOCAL PROCESSING INFORMATION (OCLC)
6 1800199150
a SL.D.44852
b PV.8393-2002
949 ## - LOCAL PROCESSING INFORMATION (OCLC)
6 1800199151
a SK.D.14877
b PV.8394-2002
s 6707:20060719
Holdings
Stav vyradenia Strata Poškodenie Spôsob nadobudnutia Domovská knižnica Aktuálna knižnica Dátum nadobudnutia Total checkouts Čiarový kód exemplára Date last seen Typ exemplára
      Dar Obecná knižnica Horná Štubňa Obecná knižnica Horná Štubňa 26.03.2026   9788055102634 26.03.2026 Krásna literatúra pre dospelých
      Dar Obecná knižnica Turčianska Štiavnička Obecná knižnica Turčianska Štiavnička 26.03.2026   4738000722 26.03.2026 Krásna literatúra pre dospelých
Projekt je podporený Slovenskou asociáciou knižníc
Prevádzkuje Turčianska knižnica Martin 2026